Metallica: What Should Their Greatest Hits Be? (REMASTERED) - Statistics

General Stats
  • This quiz has been taken 17 times
  • The average score is 23 of 48
Answer Stats
Hint Answer % Correct
. Enter Sandman
93%
. Master of Puppets
93%
. Nothing Else Matters
93%
. One
93%
. Fuel
86%
. Seek & Destroy
86%
. For Whom the Bell Tolls
79%
. Battery
71%
. Fade to Black
71%
. The Unforgiven
71%
. Wherever I May Roam
71%
. Whiskey in the Jar
71%
. Blackened
64%
. Creeping Death
64%
. Lux Æterna
64%
. Hit the Lights
57%
. Sad But True
57%
. Turn the Page
57%
. Hardwired
50%
. I Disappear
50%
. King Nothing
50%
. Ride the Lightning
50%
. The Day That Never Comes
50%
. The Four Horsemen
50%
. Until It Sleeps
50%
. Whiplash
50%
. Moth Into Flame
43%
. St. Anger
43%
. Welcome Home (Sanitarium)
43%
. Fight Fire With Fire
36%
. Harvester of Sorrow
36%
. Orion
36%
. 72 Seasons
29%
. Cyanide
29%
. Disposable Heroes
29%
. If Darkness Had a Son
29%
. The Memory Remains (feat. Marianne Faithful)
29%
. Am I Evil?
21%
. Damage Inc.
21%
. Don't Tread On Me
21%
. Holier Than Thou
21%
. Spit Out the Bone
21%
. The Call of Ktulu
21%
. The Unforgiven II
21%
. All Nightmare Long
14%
. Hero of the Day
14%
. The Unforgiven III
14%
. Too Far Gone?
14%
No matching quizzes found
Score Distribution
Percent of People with Each Score
Percentile by Number Answered
Your Score History
You have not taken this quiz